00945nam a22002417a 4500003000500000005001700005008004100022010001000063011001000073035001100083040000900094100003600103245016800139260004000307300003500347502008700382530003600469650002600505650003000531650004200561650003600603856006400639CHAP20220329143524.0100330s2010 mx r 00010 spa d a97946 a98918 a109603 cCHAP1 aHernández de la Torre, Oscar.10aComposición y afinidades biogeográficas de la avifauna de la Estación Forestal Experimental Zoquiapan, Estado de Méxicoc/por Oscar Hernández de la Torre aChapingo, Méx. :bEl autor,c2010 aix, 94 h. :bcuadros, gráfs. aTesis (Ing. en Restauración Forestal) -- UACH. División de Ciencias Forestales aTambién disponible en línea14aAvesxMéxico (Edo.)14aBosqueszMéxico (Edo.).14aEstaciones experimentales forestales.14aVida silvestrexMéxico (Edo.) 3Finding aiduhttp://10.13.5.2/tesis/109603.pdfzTeclea aqui